| 000 | 01274nam a2200229Ia 4500 | ||
|---|---|---|---|
| 999 |
_c34546 _d34546 |
||
| 001 | 302 | ||
| 003 | GE_BSU | ||
| 005 | 20240610160840.0 | ||
| 008 | 181216s2011||||ge |||||||||||||| ||geo|| | ||
| 040 | _cGE_BSU | ||
| 041 | _ageo | ||
| 080 | _a159.922.8+61 ბ-37 | ||
| 100 |
_aბახტაძე, სოფიო _96318 |
||
| 245 |
_aყურადღების დეფიციტისა და ჰიპერაქტივობის სინდრომის ელექტროფიზიოლოგიური კორელანტები და ნეიროუკუკავშირის როლი მის მართვაში : _bდოქტორის აკადემიური ხარისხის მოსაპოვებლად მედიცინაში / _cსოფიო ბახტაძე. |
||
| 264 |
_aთბილისი, _c2011. |
||
| 300 |
_a234 გვ.; _b ცხრ., ილ. |
||
| 541 | _h10 ლ. | ||
| 653 | _aყურადღების დეფიციტი | ||
| 653 | _aჰიპერაქტივობის სინდრომი | ||
| 700 |
_aჯანელიძე, მარინე _e სამეცნ. ხელმძღვ. _96316 |
||
| 942 |
_cBK _2udc |
||